The art of dramatic writing (Record no. 16797)

MARC details
000 -LEADER
fixed length control field 00848nam a2200157Ia 4500
008 - FIXED-LENGTH DATA ELEMENTS--GENERAL INFORMATION
fixed length control field 210327s9999||||xx |||||||||||||| ||und||
040 ## - CATALOGING SOURCE
Transcribing agency STCPL
082 ## - DEWEY DECIMAL CLASSIFICATION NUMBER
Classification number 822
Item number EGR-T
100 ## - MAIN ENTRY--PERSONAL NAME
Personal name Egri Lojos
245 #4 - TITLE STATEMENT
Title The art of dramatic writing
260 ## - PUBLICATION, DISTRIBUTION, ETC.
Place of publication, distribution, etc. New Delhi
Name of publisher, distributor, etc. Simon A& Schuster
Date of publication, distribution, etc. 1964
300 ## - PHYSICAL DESCRIPTION
Extent XVI, 305P, 21CM
650 ## - SUBJECT ADDED ENTRY--TOPICAL TERM
Topical term or geographic name entry element English DramaTHE COMPARABILITY OF AMERICAN HISTORY ,THE COLONIAL PHASE,THE ENLIGHTENMENT,THE REVOLUTION,THE NEWNESS'OF THE NEW NATION,FRONTIERS,,IMMIGRATION,MOBILITY,SLAVERY,CIVIL WAR, RECONSTRUCTION ULTRACONSERVATIVE REVOLUTION,THE NEGRO SINCE FREEDOM,INDUSTRIALIZATIO N,URBANIZATION,POLITICAL PARTIES,THE COMING OF BIG BUSINESS,SOCIALISM AND LABOR ,IMPERIALISM,SOCIAL DEMOCRACY 1910,1918,WORLD WAR I,THE GREAT DEPRESSION,WORLD WAR 11,THE TEST GOLD WAR,THE TEST OF COMPARISON
942 ## - ADDED ENTRY ELEMENTS (KOHA)
Koha item type Books
041 ## - LANGUAGE CODE
Language code of original English
Holdings
Withdrawn status Lost status Damaged status Not for loan Home library Current library Shelving location Date acquired Cost, normal purchase price Total Checkouts Full call number Barcode Date last seen Price effective from Koha item type
        ST. THOMAS COLLEGE LIBRARY, PALAI ST. THOMAS COLLEGE LIBRARY, PALAI   2021-07-10 1.95   822 EGR-T 24453 2021-07-10 2021-07-10 Books
Rights reserved ©2021 ST. THOMAS COLLEGE LIBRARY
A joint venture of - St. Thomas College Library and
Department of Computer Science, St. Thomas Collge Palai